| 000 | 02570nam a2200361 i 4500 | ||
|---|---|---|---|
| 001 | 000000197314 | ||
| 003 | IT-MiSPE | ||
| 005 | 20250223120144.0 | ||
| 006 | m o d | ||
| 007 | c a aa | ||
| 008 | 220621s2003 it |||||o||d| ita d | ||
| 020 | _a9788845253560 | ||
| 040 |
_aIT-MiSPE _bita _cIT-MiSPE _erda _dIT-MiSPE |
||
| 082 | 0 | 4 |
_a142.7-MER ma fe (ppv 23347) _219 |
| 100 | 1 |
_aMerleau-Ponty, Maurice, _d1908-1961 _eautore _4aut _953047 |
|
| 240 | 1 | 0 |
_aPhéoméologie de la perception. _lItaliano |
| 245 | 1 | 0 |
_aFenomenologia della percezione / _cMaurice Merleau-Ponty ; traduzione di Andrea Bonomi. |
| 264 | 1 |
_aMilano : _bBompiani / Giunti, _c2011. |
|
| 300 |
_a588 pagine. _c21 cm |
||
| 336 |
_atesto _btxt _2rdacontent |
||
| 337 |
_aelettronico _bc _2rdamedia |
||
| 338 |
_arisorsa online _bcr _2rdacarrier |
||
| 347 |
_afile di testo _bPDF _2rda |
||
| 490 | 1 | _aStudi Bompiani | |
| 504 | _aBibliografia. | ||
| 520 | _aQuesto libro del 1945, dal 2003 riproposto da Bompiani al pubblico italiano, ha acquistato negli anni un rilievo teorico sempre maggiore al punto di essere oggi considerato tra i grandi classici della filosofia del Novecento. Qui la fenomenologia di Husserl si congeda da ogni equivoco idealistico e diventa sapere del concreto mondo della vita, un sapere tutto centrato attorno a quell'enigma che è il nostro corpo. La percezione investe nella sua globalità il soggetto-corpo che noi siamo, intreccia l'interno e l'esterno in un'ambivalenza irrisolvibile che non permette più nessuna frontiera rigida e annulla ogni dualismo di sapore cartesiano. Quando il libro uscì attrasse soprattutto per le affinità con i motivi dell'esistenzialismo. Quando venne tradotto negli anni Sessanta Enzo Paci ne fece il manifesto della fenomenologia concreta. Oggi esso è un crocevia inevitabile sia per i filosofi dell'esperienza sia per gli scienziati della percezione. Corpo, intersoggettività e una nuova idea di soggetto sono i concetti di Merleau-Ponty da cui la filosofia non può tornare indietro. D'altronde lo scavalcamento di ogni dualismo tra scienze della natura e scienze dello spirito, nutrito da una miriade di descrizioni puntuali, fa di questo libro anche la base indiscussa di gran parte del lavoro sperimentale sulla percezione. | ||
| 630 |
_aFilosofia _vFenomenologia _zFilosofia francese _961660 |
||
| 776 | 0 | 8 |
_iTesto a stampa: _tFenomenologia della percezione _w105501 |
| 830 | 0 |
_aStudi Bompiani. _961661 |
|
| 856 |
_3Risorsa digitale _uhttps://digilib2.pusc.it/197314/378083 |
||
| 942 | _cBK | ||
| 999 |
_c360392 _d360392 |
||